000 00307nam a2200133Ia 4500
005 20251222142016.0
008 251222s9999||||xx |||||||||||||| ||spa||
020 _a84-8332-303-6
082 _a791.430.9/M43
100 _aMérida de San Román, Pablo
245 0 _aEl Cine
264 _bS.L.
942 _cLIB
999 _c10497
_d10497